Kwanʾgwang kwa yŏga : kwanʾgwang chirihakchŏk chŏpkŭn /
Saved in:
| Main Author: | |
|---|---|
| Other Authors: | , |
| Format: | Book |
| Language: | Korean |
| Published: |
Sŏul-si :
Hanul,
1995.
|
| Edition: | Chʻopʻan. |
| Subjects: | |
| Tags: |
Add Tag
No Tags, Be the first to tag this record!
|
| LEADER | 01090nam a2200301ua 4500 | ||
|---|---|---|---|
| 001 | 007711055-2 | ||
| 005 | 20101021100238.0 | ||
| 008 | 980217s1995 ko ab b 000 0 kor d | ||
| 020 | |a 8946022590 | ||
| 035 | 0 | |a ocm38452205 | |
| 040 | |a MH-HY |c MH-HY |d CStRLIN | ||
| 100 | 1 | |6 880-01 |a Kwŏn, Yong-u, |d 1948- | |
| 245 | 1 | 0 | |6 880-02 |a Kwanʾgwang kwa yŏga : |b kwanʾgwang chirihakchŏk chŏpkŭn / |c Kwŏn Yong-u, Chŏng Tʻae-hong, Kim Sŏn-hŭi chiŭm. |
| 250 | |6 880-03 |a Chʻopʻan. | ||
| 260 | |6 880-04 |a Sŏul-si : |b Hanul, |c 1995. | ||
| 300 | |a 385 p. : |b ill., maps ; |c 25 cm. | ||
| 504 | |a Includes bibliographical references (p. [380]-385). | ||
| 650 | 0 | |a Tourism |z Korea (South) | |
| 700 | 1 | |6 880-05 |a Chŏng, Tʻae-hong. | |
| 700 | 1 | |6 880-06 |a Kim, Sŏn-hŭi. | |
| 880 | 1 | |6 100-01 |a 권용우, |d 1948- | |
| 880 | 1 | 0 | |6 245-02 |a 관광과여가 : |b 관광지리학적접근 / |c 권용우・정태홍・김선희지음. |
| 880 | |6 250-03 |a 초판. | ||
| 880 | |6 260-04 |a 서울시 : |b 한울, |c 1995. | ||
| 880 | 1 | |6 700-05 |a 정태홍. | |
| 880 | 1 | |6 700-06 |a 김선희. | |
| 988 | |a 20021221 | ||
| 906 | |0 MH | ||


